LDR 00835naa#a2200181#i#450# 001 EN\\bibl\20047 005 20260702061423.4 100 ## _a20260630b2026####ek#y0engy0150####ca 102 ## _aRU 200 1# _aAPPLYING MACHINE LEARNING TO PREDICT REPEAT CALLS AND PREVENT REPEAT CALLS IN TELECOM SERVICE _eConference article/thesis 210 1# _aVoronezh _cFSBE Institution of Higher Education Voronezh State University of Forestry and Technologies named after G.F. Morozov _d2026 215 ## _a7 с. 608 ## _aConference article/thesis _2local 675 ## _aЧеловеко-машинное взаимодействие. Человеко-машинный интерфейс. Пользовательский интерфейс. 004.5 _z 700 #1 _aAvilova _gO. A. 700 #1 _aYagodkin _gA. Sergeevich 700 #1 _aKladov _gA. V. 856 4# _abibl.vgltu.ru _u